000 00871nam a2200277 a 4500
008
020 _a9780323353250 (paperback)
040 _aNUST
_cNUST
049 _aMAIN
090 _aRC78
_bEIS
100 1 _aEisenberg, Ronald L.,
_aauthor.
245 1 0 _aWorkbook for comprehensive radiographic pathology /
_c Ronald L Eisenberg & Nancy Johnson.
250 _aSixth edition.
260 _aSt. Louis, Missouri :
_bElsevier,
_c2016.
300 _av, 181 pages :
_billustrations ;
_c28 cm.
336 _atext
_btxt
_2rdacontent
337 _aunmediated
_bn
_2rdamedia
338 _avolume
_bnc
_2rdacarrier
650 1 _aRadiography
_xmethods.
650 _aPathology.
700 _aJohnson Nancy.,
_aauthor.
907 _a.b10420034
_b11-01-23
_c11-01-23
003
005 20230120204354.0
942 _cBOOKS
_kRC78
_mEIS
999 _c122063
_d122063